<?xml version="1.0" encoding="UTF-8"?>
<record
    xmlns:xsi="http://www.w3.org/2001/XMLSchema-instance"
    xsi:schemaLocation="http://www.loc.gov/MARC21/slim http://www.loc.gov/standards/marcxml/schema/MARC21slim.xsd"
    xmlns="http://www.loc.gov/MARC21/slim">

  <leader>02139nam a2200205Ia 4500</leader>
  <controlfield tag="001">b6618-47580 </controlfield>
  <controlfield tag="003">IT-MiCISF</controlfield>
  <controlfield tag="008">161014s9999||||xx |||||||||||||| ||und||</controlfield>
  <datafield tag="040" ind1=" " ind2=" ">
    <subfield code="a">IT-MiCISF</subfield>
    <subfield code="c">IT-MiCISF</subfield>
  </datafield>
  <datafield tag="041" ind1=" " ind2=" ">
    <subfield code="a">it</subfield>
  </datafield>
  <datafield tag="100" ind1=" " ind2=" ">
    <subfield code="a">Tosi Antonio (a cura di)</subfield>
  </datafield>
  <datafield tag="245" ind1=" " ind2="0">
    <subfield code="a">Minimi di integrazione</subfield>
    <subfield code="b">Gli sportelli per gli immigrati in Lombardia. Rapporto 2009</subfield>
  </datafield>
  <datafield tag="250" ind1=" " ind2=" ">
    <subfield code="a">1a ed.</subfield>
  </datafield>
  <datafield tag="260" ind1=" " ind2=" ">
    <subfield code="a"> Milano</subfield>
    <subfield code="b">Fondazione ISMU</subfield>
    <subfield code="c">2010</subfield>
  </datafield>
  <datafield tag="300" ind1=" " ind2=" ">
    <subfield code="a">pp. 258</subfield>
  </datafield>
  <datafield tag="500" ind1=" " ind2=" ">
    <subfield code="a">in collaborazione con Osservatorio regionale per l'integrazione e la multietnicit&#xE0;, Regione Lombardia. Tosi A., Cagnoli R., Tosi S., Caropreso I., Gabrielli G., Viola M., Rolandi D., Tacchini A., Santambrogio F... / servizi-sociali, famiglia-migranti, territorio, esperienze, integrazione / "Per celebrare il decennale dell'Osservatorio regionale per l'integrazione e la multietnicit&#xE0; (ORIM), istituito dal Consiglio regionale lombardo, e con la collaborazione della Fondazione ISMU (Iniziative e studi sulla multietnicit&#xE0;), n&#xE9; stata pubblicata una serie di volumi che testimoniano le diverse attivit&#xE0; di indagine dell'Osservatorio. In questo volume viene analizzata la realt&#xE0; degli sportelli per gli immigrati, che sono oggi una delle tipologie progettuali pi&#xF9; diffuse sul territorio lombardo. Ma cosa rappresentano effettivamente gli sportelli nelle realt&#xE0; locali? E' possibile diffondere questo tipo di offerta e sviluppare le condizioni che ne possano accrescere l'efficacia? E con quali relazioni con il sistema dei servizi sociali di base? Per rispondere a queste questioni &#xE8; stata realizzata una ricerca, coordinata dall'Osservatorio regionale, con la collaborazione degli Osservatori provinciali. Il volume si apre con un capitolo che propone, sulla base dei rapporti provinciali e dei focus group realizzati a livello provinciale, una lettura complessiva dell'esperienza degli sportelli in Lombardia; seguono una serie di capitoli in cui si presentano le esperienze e le problematiche locali, con particolare riferimento ai casi analizzati.</subfield>
  </datafield>
  <datafield tag="650" ind1=" " ind2=" ">
    <subfield code="a"> Famiglia e servizi / servizi-alla-persona</subfield>
    <subfield code="e">007</subfield>
  </datafield>
  <datafield tag="942" ind1=" " ind2=" ">
    <subfield code="c">BK</subfield>
  </datafield>
  <datafield tag="957" ind1=" " ind2=" ">
    <subfield code="7">1</subfield>
  </datafield>
  <datafield tag="999" ind1=" " ind2=" ">
    <subfield code="a">47580</subfield>
    <subfield code="b">si</subfield>
    <subfield code="g">1</subfield>
    <subfield code="c">210410</subfield>
    <subfield code="d">210410</subfield>
  </datafield>
  <datafield tag="952" ind1=" " ind2=" ">
    <subfield code="0">0</subfield>
    <subfield code="1">0</subfield>
    <subfield code="4">0</subfield>
    <subfield code="6">B_661847580</subfield>
    <subfield code="7">1</subfield>
    <subfield code="a">CISF</subfield>
    <subfield code="b">CISF</subfield>
    <subfield code="d">2016-10-14</subfield>
    <subfield code="l">0</subfield>
    <subfield code="o">b6618-47580 </subfield>
    <subfield code="r">2016-10-14 00:00:00</subfield>
    <subfield code="w">2016-10-14</subfield>
    <subfield code="y">BK</subfield>
    <subfield code="z">Data import 15.10.2016 / by Epidotti, Vaglietti</subfield>
  </datafield>
</record>
